[Event "Aeroflot Open 2015"]
[Site "Moscú RUS"]
[Date "2015.03.29"]
[Round "3.19"]
[White "Predke, Alexandr"]
[Black "Iturrizaga Bonelli, Eduardo"]
[Result "1/2-1/2"]
[WhiteElo "2530"]
[BlackElo "2630"]
[PlyCount "87"]
[EventDate "2015.03.27"]
[EventType "swiss"]
[EventRounds "9"]
[EventCountry "RUS"]
[Source "lmi"]
[SourceDate "2015.03.27"]

1. e4 c5 2. Nf3 Nc6 3. d4 cxd4 4. Nxd4 g6 5. c4 Nf6 6. Nc3 d6 7. f3 Nxd4 8.
Qxd4 Bg7 9. Be3 Be6 10. Rc1 O-O 11. Qd2 a5 12. b3 Nd7 13. Be2 Nc5 14. O-O Qb6
15. Rc2 Rfc8 16. Kh1 Qb4 17. Nd5 Bxd5 18. exd5 Na6 19. Qc1 a4 20. Bd2 Qc5 21.
Qe1 axb3 22. axb3 b5 23. b4 Qd4 24. Qc1 bxc4 25. Bxc4 Qb6 26. Qa3 Nc7 27. Qd3
Nb5 28. Rfc1 Na3 29. Ra2 Nxc4 30. Rxc4 Qb7 31. Rxc8+ Rxc8 32. g3 h5 33. h3 Qb6
34. Kg2 Be5 35. f4 Bf6 36. g4 Bh4 37. Bc3 Qb7 38. Ra5 hxg4 39. hxg4 Bf6 40. Bd2
e6 41. Rb5 Qa8 42. Ra5 Qb7 43. Rb5 Qa8 44. Ra5 1/2-1/2

[Event "Aeroflot Open 2015"]
[Site "Moscú RUS"]
[Date "2015.03.29"]
[Round "3.20"]
[White "Sethuraman, S.P."]
[Black "Can, Emre"]
[Result "1-0"]
[WhiteElo "2623"]
[BlackElo "2555"]
[PlyCount "117"]
[EventDate "2015.03.27"]
[EventType "swiss"]
[EventRounds "9"]
[EventCountry "RUS"]
[Source "lmi"]
[SourceDate "2015.03.27"]

1. d4 Nf6 2. c4 e6 3. Nc3 d5 4. cxd5 exd5 5. Bg5 c6 6. Qc2 Na6 7. a3 Nc7 8. e3
g6 9. Bd3 Be7 10. Nge2 Ne6 11. Bh4 O-O 12. f3 b6 13. O-O c5 14. dxc5 Bxc5 15.
Bxf6 Qxf6 16. Nxd5 Qe5 17. Be4 Bb7 18. Qc3 Qxc3 19. Nexc3 Bxd5 20. Nxd5 Rad8
21. b4 f5 22. bxc5 fxe4 23. Ne7+ Kg7 24. cxb6 axb6 25. fxe4 Rfe8 26. Nd5 Nc5
27. Nxb6 Rxe4 28. Rac1 Rd6 29. Rxc5 Rxb6 30. Rc7+ Kh6 31. Rc3 Rb2 32. h3 Re2
33. Rf2 Re1+ 34. Rf1 Re2 35. Rf3 Ra4 36. Rf7 Re4 37. Rf3 Ra4 38. Rf2 Re1+ 39.
Rf1 Re2 40. Rf7 Re4 41. Rcc7 R4xe3 42. Rxh7+ Kg5 43. Rc5+ Kf6 44. Rc6+ Re6 45.
Rxe6+ Kxe6 46. Rh4 g5 47. Rb4 Ra2 48. a4 Kf5 49. Kh2 Ra3 50. Rb5+ Kf4 51. Rb4+
Kf5 52. g4+ Kf6 53. Kg2 Ke6 54. Rb6+ Kf7 55. Rb5 Kg6 56. a5 Kf6 57. Rc5 Rb3 58.
Rf5+ Kg6 59. Rf3 1-0

[Event "Aeroflot Open 2015"]
[Site "Moscú RUS"]
[Date "2015.03.29"]
[Round "3.21"]
[White "Idani, Pouya"]
[Black "Anton Guijarro, David"]
[Result "1/2-1/2"]
[WhiteElo "2496"]
[BlackElo "2614"]
[PlyCount "72"]
[EventDate "2015.03.27"]
[EventType "swiss"]
[EventRounds "9"]
[EventCountry "RUS"]
[Source "lmi"]
[SourceDate "2015.03.27"]

1. e4 e6 2. d4 d5 3. Nd2 Be7 4. Bd3 c5 5. dxc5 Nf6 6. Qe2 O-O 7. c3 a5 8. Rb1
Nfd7 9. exd5 Nxc5 10. Bb5 exd5 11. Ngf3 Bf6 12. Nb3 Ne4 13. O-O a4 14. Nbd4 a3
15. Bf4 Bg4 16. Rfc1 axb2 17. Qxb2 Bxf3 18. Nxf3 Qa5 19. Be5 Qxa2 20. Bxf6 Nxf6
21. Bf1 Qxb2 22. Rxb2 Ra7 23. Rcb1 Nbd7 24. Rxb7 Rxb7 25. Rxb7 Rc8 26. Rb3 g6
27. Nd2 Ra8 28. c4 Ra2 29. Nf3 dxc4 30. Bxc4 Ra1+ 31. Bf1 Nc5 32. Re3 Nce4 33.
h3 Kg7 34. Re1 Ra2 35. Re2 Ra3 36. Ne5 Ra5 1/2-1/2

[Event "Aeroflot Open 2015"]
[Site "Moscú RUS"]
[Date "2015.03.29"]
[Round "3.22"]
[White "Potkin, Vladimir"]
[Black "Ernst, Sipke"]
[Result "1/2-1/2"]
[WhiteElo "2605"]
[BlackElo "2530"]
[PlyCount "162"]
[EventDate "2015.03.27"]
[EventType "swiss"]
[EventRounds "9"]
[EventCountry "RUS"]
[Source "lmi"]
[SourceDate "2015.03.27"]

1. c4 c6 2. Nf3 d5 3. e3 Bg4 4. Qb3 Qc7 5. Ne5 Be6 6. d4 Nd7 7. Nc3 Ngf6 8.
Nxd7 Qxd7 9. cxd5 Nxd5 10. Bc4 b5 11. Nxb5 Rb8 12. e4 Nf6 13. Qg3 Rxb5 14. Bxb5
cxb5 15. d5 Bg4 16. f3 Bh5 17. Qb8+ Qd8 18. Qxb5+ Nd7 19. Be3 g5 20. e5 e6 21.
dxe6 fxe6 22. O-O Qb8 23. Qxb8+ Nxb8 24. Rac1 Bg7 25. Bxa7 Nd7 26. Rc8+ Ke7 27.
Bc5+ Nxc5 28. Rxc5 Rb8 29. Rd1 Be8 30. b3 Kf7 31. Kf2 Bf8 32. Rc7+ Kg6 33. Rdc1
Ba3 34. Rc8 Rb5 35. R1c7 Bf7 36. Ra8 Bb4 37. a4 Rxe5 38. Rc4 Bc5+ 39. Kf1 Be3
40. Re4 Rxe4 41. fxe4 Kf6 42. Ke2 Bg1 43. Rf8 Ke7 44. Rc8 Bxh2 45. b4 Kd7 46.
Rc2 Bc7 47. a5 Be8 48. Kd3 Kc8 49. Rc5 Kb8 50. Rxg5 Bg6 51. Rc5 Be8 52. e5 Bd8
53. Rc1 Kb7 54. Kc4 Bc6 55. b5 Bd5+ 56. Kb4 Be7+ 57. Ka4 Bxg2 58. Rg1 Be4 59.
Kb3 Bc5 60. Rg7+ Kb8 61. Kc4 Bf2 62. b6 h5 63. Rf7 Be3 64. Rd7 Kc8 65. Rd6 h4
66. a6 h3 67. b7+ Kc7 68. Rxe6 Ba7 69. Rh6 Bg2 70. Rh7+ Kc6 71. Rh8 Bf1+ 72.
Kc3 h2 73. Rxh2 Bxa6 74. Rh6+ Kxb7 75. Rh7+ Kb6 76. e6 Bb5 77. e7 Bb8 78. Kd4
Bd6 79. Rh6 Kc7 80. e8=N+ Bxe8 81. Rxd6 Kxd6 1/2-1/2

[Event "Aeroflot Open 2015"]
[Site "Moscú RUS"]
[Date "2015.03.29"]
[Round "3.24"]
[White "Bogdanovich, Stanislav"]
[Black "Sanal, Vahap"]
[Result "1-0"]
[WhiteElo "2581"]
[BlackElo "2487"]
[PlyCount "63"]
[EventDate "2015.03.27"]
[EventType "swiss"]
[EventRounds "9"]
[EventCountry "RUS"]
[Source "lmi"]
[SourceDate "2015.03.27"]

1. e4 e5 2. Nf3 Nc6 3. Bb5 a6 4. Ba4 Nf6 5. O-O Be7 6. d3 b5 7. Bb3 d6 8. a4
Bd7 9. c3 O-O 10. Nbd2 Na5 11. Bc2 c5 12. Re1 Nc6 13. Nf1 Re8 14. Bg5 h6 15.
Bd2 Be6 16. Ng3 Bf8 17. h3 d5 18. axb5 axb5 19. Rxa8 Qxa8 20. d4 cxd4 21. cxd4
Nxd4 22. Nxd4 exd4 23. e5 Ne4 24. Nxe4 dxe4 25. Bxe4 Bd5 26. Qg4 g6 27. Bd3 h5
28. Qxd4 Bxg2 29. e6 Bxh3 30. Be4 Bg7 31. exf7+ Kxf7 32. Bd5+ 1-0

[Event "Aeroflot Open 2015"]
[Site "Moscú RUS"]
[Date "2015.03.29"]
[Round "3.25"]
[White "Swayams, Mishra"]
[Black "Tregubov, Pavel V"]
[Result "1-0"]
[WhiteElo "2440"]
[BlackElo "2617"]
[PlyCount "139"]
[EventDate "2015.03.27"]
[EventType "swiss"]
[EventRounds "9"]
[EventCountry "RUS"]
[Source "lmi"]
[SourceDate "2015.03.27"]

1. d4 Nf6 2. c4 e6 3. Nc3 Bb4 4. e3 O-O 5. Nge2 d5 6. a3 Be7 7. cxd5 exd5 8. g3
c6 9. Bg2 Na6 10. O-O Nc7 11. Nf4 Bd6 12. Nd3 Re8 13. b4 b6 14. Re1 a5 15. Bb2
axb4 16. axb4 Rxa1 17. Qxa1 Ba6 18. Ne5 Qa8 19. Rc1 Bxe5 20. dxe5 Nd7 21. f4
Bc4 22. Ne4 Qxa1 23. Bxa1 b5 24. Nd6 Ra8 25. Bh3 Nf8 26. Nc8 Ng6 27. Bd7 Ne6
28. f5 Nef8 29. e6 fxe6 30. fxe6 d4 31. e7 Rxc8 32. e8=Q Rxe8 33. Bxe8 dxe3 34.
Bxc6 Ne7 35. Bf3 Ne6 36. Re1 Nf5 37. Be4 Ng5 38. Bg2 h5 39. Be5 e2 40. Kf2 g6
41. Ra1 Kf7 42. Bc3 h4 43. Ra7+ Kf8 44. g4 Nd6 45. Ke3 h3 46. Bc6 Ndf7 47. Rb7
Nd6 48. Rd7 Ndf7 49. Kf2 Ne6 50. Bd5 Ke8 51. Bc6 Nfd8 52. Rc7+ Nxc6 53. Rxc6
Nf4 54. Rd6 Ke7 55. Rd4 Nd5 56. Bd2 Kd6 57. Kf3 Ke5 58. Re4+ Kf6 59. Kg3 Bd3
60. Re8 Kf7 61. Re5 Nf6 62. Kxh3 Ne4 63. Be1 Kf6 64. Re8 Kg5 65. Rf8 Bc4 66.
Rf3 Bd5 67. Bh4+ Kh6 68. Re3 Nd2 69. Rxe2 Nf3 70. Re7 1-0

[Event "Aeroflot Open 2015"]
[Site "Moscú RUS"]
[Date "2015.03.29"]
[Round "3.26"]
[White "Grigoriants, Sergey"]
[Black "Al-Sayed, Mohammed"]
[Result "1-0"]
[WhiteElo "2573"]
[BlackElo "2511"]
[PlyCount "63"]
[EventDate "2015.03.27"]
[EventType "swiss"]
[EventRounds "9"]
[EventCountry "RUS"]
[Source "lmi"]
[SourceDate "2015.03.27"]

1. Nf3 Nf6 2. d4 g6 3. g3 Bg7 4. Bg2 O-O 5. O-O d5 6. Nbd2 c6 7. c4 Bf5 8. b3
a5 9. Bb2 a4 10. Nh4 Bg4 11. h3 Be6 12. e3 Qc8 13. Kh2 Rd8 14. Ba3 Re8 15. f4
axb3 16. axb3 Na6 17. Qe2 c5 18. cxd5 Nxd5 19. f5 gxf5 20. Bxd5 Bxd5 21. Nxf5
Bf6 22. Qh5 cxd4 23. Bxe7 Rxe7 24. Nxe7+ Bxe7 25. Qxd5 Qe8 26. exd4 Rd8 27. Qe5
Nc5 28. Ne4 Nxb3 29. Rad1 Rc8 30. d5 Qd7 31. d6 Rc2+ 32. Rf2 1-0

[Event "Aeroflot Open 2015"]
[Site "Moscú RUS"]
[Date "2015.03.29"]
[Round "3.27"]
[White "Vishnu Prasanna, V."]
[Black "Jumabayev, Rinat"]
[Result "1-0"]
[WhiteElo "2477"]
[BlackElo "2572"]
[PlyCount "111"]
[EventDate "2015.03.27"]
[EventType "swiss"]
[EventRounds "9"]
[EventCountry "RUS"]
[Source "lmi"]
[SourceDate "2015.03.27"]

1. Nf3 c5 2. c4 Nc6 3. Nc3 g6 4. e3 Bg7 5. d4 Nf6 6. d5 Na5 7. e4 d6 8. h3 O-O
9. Bd3 a6 10. O-O Rb8 11. Rb1 e6 12. Bf4 Nh5 13. Bd2 Bd7 14. b4 cxb4 15. Rxb4
Qc7 16. Qb1 Rfc8 17. Rc1 Qd8 18. a4 Qf8 19. Nd1 exd5 20. exd5 Bh6 21. Ne3 Rc5
22. Bc3 Bg7 23. Bd2 Qd8 24. Ng4 Bxg4 25. hxg4 Nf6 26. g5 Nd7 27. Be3 Rcc8 28.
Nd2 b6 29. Be2 Nb7 30. Ne4 Qc7 31. Bg4 Nbc5 32. Bxd7 Nxd7 33. Bf4 Be5 34. Bxe5
Nxe5 35. Nf6+ Kg7 36. Qb2 h6 37. f4 Qc5+ 38. Kh1 hxg5 39. Nh5+ gxh5 40. fxe5
dxe5 41. a5 b5 42. Rd1 f6 43. d6 Rd8 44. Rd5 Qc6 45. Rxe5 Rxd6 46. Re7+ Kf8 47.
Re1 h4 48. Rb3 Qxc4 49. Rf3 Qc6 50. Rc1 Qd5 51. Rxf6+ Kg8 52. Rcf1 Re8 53. R6f5
Qd2 54. Qb3+ Rde6 55. Rf8+ Kg7 56. Rxe8 1-0

[Event "Aeroflot Open 2015"]
[Site "Moscú RUS"]
[Date "2015.03.29"]
[Round "3.28"]
[White "Batchuluun, Tsegmed"]
[Black "Kotronias, Vasilios"]
[Result "1/2-1/2"]
[WhiteElo "2499"]
[BlackElo "2565"]
[PlyCount "88"]
[EventDate "2015.03.27"]
[EventType "swiss"]
[EventRounds "9"]
[EventCountry "RUS"]
[Source "lmi"]
[SourceDate "2015.03.27"]

1. d4 Nf6 2. c4 g6 3. Nc3 Bg7 4. e4 d6 5. f3 O-O 6. Be3 e5 7. d5 c6 8. Bd3 cxd5
9. cxd5 Nh5 10. Nge2 f5 11. Qd2 Na6 12. exf5 gxf5 13. O-O Bd7 14. Rac1 Qe8 15.
a3 Nc5 16. Bc2 a5 17. b4 axb4 18. axb4 Na6 19. Rb1 Rc8 20. Rb3 Kh8 21. Kh1 Nc7
22. Ra3 Nb5 23. Nxb5 Bxb5 24. Bd3 Bxd3 25. Qxd3 Qg6 26. f4 Rg8 27. fxe5 Bxe5
28. g3 Qg4 29. Bd4 f4 30. Qe4 Rce8 31. Nxf4 Nxf4 32. gxf4 Bg7 33. Bxg7+ Qxg7
34. Qf3 Rc8 35. Qf2 Rc4 36. Rg3 Qd4 37. Rxg8+ Kxg8 38. Qg2+ Kf7 39. Re1 Qxf4
40. Qe2 Rc1 41. Qe8+ Kg7 42. Qe7+ Kh6 43. Qe6+ Kh5 44. Qe8+ Kh6 1/2-1/2

[Event "Aeroflot Open 2015"]
[Site "Moscú RUS"]
[Date "2015.03.29"]
[Round "3.29"]
[White "Oparin, Grigoriy"]
[Black "Ankit, R. Rajpara"]
[Result "1/2-1/2"]
[WhiteElo "2562"]
[BlackElo "2477"]
[PlyCount "40"]
[EventDate "2015.03.27"]
[EventType "swiss"]
[EventRounds "9"]
[EventCountry "RUS"]
[Source "lmi"]
[SourceDate "2015.03.27"]

1. d4 Nf6 2. c4 e6 3. Nc3 Bb4 4. Qc2 O-O 5. a3 Bxc3+ 6. Qxc3 d5 7. Bg5 h6 8.
Bxf6 Qxf6 9. Nf3 c6 10. e3 Nd7 11. Be2 dxc4 12. Bxc4 b6 13. O-O Bb7 14. Rac1 c5
15. Be2 Rac8 16. dxc5 Qxc3 17. Rxc3 Nxc5 18. Rfc1 Na4 19. Rxc8 Rxc8 20. Rxc8+
Bxc8 1/2-1/2

[Event "Aeroflot Open 2015"]
[Site "Moscú RUS"]
[Date "2015.03.29"]
[Round "3.30"]
[White "Mozharov, Mikhail"]
[Black "Tran, Tuan Minh"]
[Result "1-0"]
[WhiteElo "2555"]
[BlackElo "2455"]
[PlyCount "51"]
[EventDate "2015.03.27"]
[EventType "swiss"]
[EventRounds "9"]
[EventCountry "RUS"]
[Source "lmi"]
[SourceDate "2015.03.27"]

1. Nf3 Nf6 2. c4 b6 3. g3 Bb7 4. Bg2 c5 5. O-O e6 6. Nc3 Be7 7. d4 cxd4 8. Qxd4
O-O 9. Rd1 d6 10. Bg5 Nbd7 11. Nb5 e5 12. Qe3 Qb8 13. Bh3 h6 14. Bxh6 gxh6 15.
Nh4 Ne4 16. Bxd7 Bg5 17. Qa3 Qd8 18. Bf5 Bxh4 19. Bxe4 Bxe4 20. gxh4 Kh7 21. f3
Bf5 22. Kh1 Rg8 23. Nxd6 Bc2 24. Rg1 Qxh4 25. Qc3 Bg6 26. Qxe5 1-0

[Event "Aeroflot Open 2015"]
[Site "Moscú RUS"]
[Date "2015.03.29"]
[Round "3.31"]
[White "Korobkov, Piotr"]
[Black "Gabuzyan, Hovhannes"]
[Result "0-1"]
[WhiteElo "2423"]
[BlackElo "2553"]
[PlyCount "96"]
[EventDate "2015.03.27"]
[EventType "swiss"]
[EventRounds "9"]
[EventCountry "RUS"]
[Source "lmi"]
[SourceDate "2015.03.27"]

1. d4 Nf6 2. Nf3 g6 3. Bg5 Bg7 4. Nbd2 O-O 5. c3 d5 6. e3 Nbd7 7. h3 Re8 8. Bf4
c5 9. Be2 b6 10. O-O Bb7 11. Ne5 Nxe5 12. Bxe5 Bh6 13. b4 Nd7 14. Bg3 c4 15. f4
a5 16. b5 a4 17. h4 Nf6 18. h5 Ra5 19. Rb1 Bc8 20. Bh4 Bf5 21. g4 Bxb1 22. Qxb1
Qd7 23. g5 Rxb5 24. Qc1 Qh3 25. Nf3 Bg7 26. gxf6 Bxf6 27. Bf2 Qg4+ 28. Kh2
Qxh5+ 29. Kg2 Qg4+ 30. Bg3 Bh4 31. Nxh4 Qxe2+ 32. Rf2 Qd3 33. Qa3 Rb1 34. Qxa4
b5 35. Qc2 Qxc2 36. Rxc2 Ra8 37. Kh3 Ra1 38. Rb2 Ra5 39. f5 R1xa2 40. Rb1 Ra1
41. Rb2 R1a3 42. fxg6 hxg6 43. Nf3 Rb3 44. Re2 Raa3 45. Be1 b4 46. cxb4 Rxe3
47. Rxe3 Rxe3 48. Kg2 c3 0-1

[Event "Aeroflot Open 2015"]
[Site "Moscú RUS"]
[Date "2015.03.29"]
[Round "3.32"]
[White "Wagner, Dennis"]
[Black "Abdumalik, Zhansaya"]
[Result "1-0"]
[WhiteElo "2549"]
[BlackElo "2379"]
[PlyCount "81"]
[EventDate "2015.03.27"]
[EventType "swiss"]
[EventRounds "9"]
[EventCountry "RUS"]
[Source "lmi"]
[SourceDate "2015.03.27"]

1. d4 Nf6 2. c4 g6 3. Nc3 d5 4. cxd5 Nxd5 5. e4 Nxc3 6. bxc3 Bg7 7. Qa4+ Bd7 8.
Qa3 O-O 9. Nf3 Bg4 10. Bg5 Re8 11. Be2 Qd6 12. Qa4 Nd7 13. e5 Qd5 14. O-O c5
15. Bc4 Qc6 16. Qb3 e6 17. Nd2 Bf5 18. Be2 h6 19. Be3 Qc7 20. g4 cxd4 21. cxd4
Bc2 22. Rac1 Rac8 23. Qa3 Qb8 24. Nc4 Bf8 25. Nd6 b5 26. Qb2 Bxd6 27. exd6 Be4
28. Bf4 a6 29. Rc7 Rxc7 30. dxc7 Qb7 31. Rc1 g5 32. Bg3 Nb6 33. Qb4 Bh1 34. Bf1
Bd5 35. Qd6 Nc4 36. Qd8 Qc8 37. Qf6 Nd2 38. Be2 Bc4 39. Be5 Kf8 40. Qxh6+ Ke7
41. Qxg5+ 1-0

[Event "Aeroflot Open 2015"]
[Site "Moscú RUS"]
[Date "2015.03.29"]
[Round "3.33"]
[White "Matlakov, Maxim"]
[Black "Kuderinov, Kirill"]
[Result "1-0"]
[WhiteElo "2693"]
[BlackElo "2465"]
[PlyCount "71"]
[EventDate "2015.03.27"]
[EventType "swiss"]
[EventRounds "9"]
[EventCountry "RUS"]
[Source "lmi"]
[SourceDate "2015.03.27"]

1. Nf3 Nf6 2. c4 g6 3. g3 Bg7 4. Bg2 O-O 5. O-O d6 6. d4 Nc6 7. Nc3 Rb8 8. Bf4
h6 9. Qc1 g5 10. Bd2 a6 11. d5 Na5 12. b3 c5 13. dxc6 Nxc6 14. h4 g4 15. Ne1
Kh7 16. Nd3 Bf5 17. Be3 Nh5 18. Qd2 Bg6 19. Rac1 f5 20. Nd5 e5 21. Bb6 Qd7 22.
e3 Ne7 23. Nxe7 Qxe7 24. c5 f4 25. exf4 exf4 26. Rfe1 Qf6 27. Nxf4 Nxf4 28.
Qxf4 Qb2 29. Qxg4 Qxf2+ 30. Kh2 Rbe8 31. Rxe8 Rxe8 32. Rf1 Qxa2 33. cxd6 h5 34.
Qf3 Rf8 35. d7 Rxf3 36. Rxf3 1-0

[Event "Aeroflot Open 2015"]
[Site "Moscú RUS"]
[Date "2015.03.29"]
[Round "3.34"]
[White "Gundavaa, Bayarsaikhan"]
[Black "Savchenko, Boris"]
[Result "0-1"]
[WhiteElo "2505"]
[BlackElo "2581"]
[PlyCount "154"]
[EventDate "2015.03.27"]
[EventType "swiss"]
[EventRounds "9"]
[EventCountry "RUS"]
[Source "lmi"]
[SourceDate "2015.03.27"]

1. d4 Nf6 2. c4 g6 3. Nc3 d5 4. Bf4 Bg7 5. e3 c5 6. dxc5 Qa5 7. Rc1 dxc4 8.
Bxc4 O-O 9. Nf3 Qxc5 10. Bb3 Nc6 11. O-O Qa5 12. h3 Bf5 13. Qe2 Ne4 14. g4 Nxc3
15. bxc3 e5 16. Bg3 Bd7 17. Rfd1 Qa3 18. Rc2 Be8 19. Bd5 Rc8 20. Rb1 b6 21. e4
Ne7 22. Bb3 Qc5 23. Rd1 Bc6 24. Ne1 Bb5 25. Nd3 Qc7 26. c4 Ba6 27. Nb4 Bb7 28.
Rcd2 Qc5 29. Nd5 Nc6 30. g5 Nd4 31. Qg4 Kh8 32. Rd3 a5 33. h4 Rc6 34. R1d2 Bc8
35. Qd1 f5 36. gxf6 Bxf6 37. Nxf6 Rcxf6 38. Rxd4 exd4 39. Rxd4 Rf3 40. Kg2 Be6
41. Qd2 Kg8 42. Bd1 R3f7 43. Be2 Qc6 44. Kg1 Rd7 45. Bd6 Rff7 46. e5 Qc8 47.
Qg5 Rf5 48. Qd2 Rdf7 49. Be7 Kg7 50. Bg5 h5 51. Bf6+ R7xf6 52. exf6+ Rxf6 53.
Rd6 Qc5 54. Qd4 a4 55. Qxc5 bxc5 56. Rc6 Bf7 57. Rxc5 Rd6 58. Rc7 Rd2 59. Bf3
Kf6 60. Ra7 Rxa2 61. c5 Ra1+ 62. Kg2 a3 63. c6 a2 64. c7 Rc1 65. c8=Q Rxc8 66.
Rxf7+ Kxf7 67. Bd5+ Kf6 68. Bxa2 Rc1 69. Bd5 Ke5 70. Bf3 Re1 71. Bc6 Rd1 72.
Bb7 Rc1 73. Ba6 Kf4 74. Bd3 Rc6 75. Bb5 Rd6 76. Be2 Rd8 77. Kf1 Rd2 0-1

[Event "Aeroflot Open 2015"]
[Site "Moscú RUS"]
[Date "2015.03.29"]
[Round "3.35"]
[White "Tabatabaei, M.amin"]
[Black "Sandipan, Chanda"]
[Result "0-1"]
[WhiteElo "2448"]
[BlackElo "2569"]
[PlyCount "116"]
[EventDate "2015.03.27"]
[EventType "swiss"]
[EventRounds "9"]
[EventCountry "RUS"]
[Source "lmi"]
[SourceDate "2015.03.27"]

1. e4 e5 2. Nf3 Nc6 3. Bb5 g6 4. O-O Bg7 5. c3 a6 6. Bxc6 dxc6 7. d4 exd4 8.
cxd4 Bg4 9. Nc3 Bxf3 10. Qxf3 Bxd4 11. Be3 Bxe3 12. Qxe3 Nf6 13. Rad1 Qe7 14.
e5 Nd7 15. Ne4 b6 16. Qc3 O-O-O 17. Qxc6 Nb8 18. Qc3 Kb7 19. Rc1 f5 20. Nf6 c5
21. Rfe1 Nc6 22. e6 Rd4 23. Nd7 Re8 24. h3 Qd6 25. a3 c4 26. Qe3 Nd8 27. Ne5
Rxe6 28. Nf7 Nxf7 29. Qxe6 Qxe6 30. Rxe6 Ng5 31. Rf6 Ne4 32. Rf7+ Kc6 33. Rxh7
Kb5 34. Rh6 Ka4 35. Rxg6 b5 36. f3 Nc5 37. Rc3 a5 38. Rc6 Nd3 39. g4 Nxb2 40.
g5 b4 41. axb4 axb4 42. Rc1 c3 43. g6 Rd8 44. h4 Nd3 45. Rf1 Kb5 46. Rc7 Nc5
47. g7 c2 48. Rf7 Ne6 49. h5 Nxg7 50. h6 Ne6 51. h7 b3 52. Rb7+ Kc4 53. f4 Nc5
54. Rb6 Rh8 55. Kf2 Rxh7 56. Ke3 Rd7 57. Ke2 Na4 58. Rc6+ Kb4 0-1

[Event "Aeroflot Open 2015"]
[Site "Moscú RUS"]
[Date "2015.03.29"]
[Round "3.36"]
[White "Asgarizadeh, Ahmad"]
[Black "Svane, Rasmus"]
[Result "0-1"]
[WhiteElo "2412"]
[BlackElo "2509"]
[PlyCount "74"]
[EventDate "2015.03.27"]
[EventType "swiss"]
[EventRounds "9"]
[EventCountry "RUS"]
[Source "lmi"]
[SourceDate "2015.03.27"]

1. e4 e6 2. d4 d5 3. Nc3 Nf6 4. e5 Nfd7 5. f4 c5 6. Nf3 Be7 7. Be3 b6 8. Qd2
O-O 9. Nd1 a5 10. c3 a4 11. Bd3 Ba6 12. O-O Qc8 13. Ng5 Bxg5 14. fxg5 Bxd3 15.
Qxd3 Qa6 16. Qd2 Nc6 17. Nf2 Qa5 18. Qd3 cxd4 19. cxd4 Nb4 20. Qe2 Rac8 21.
Rac1 Qa6 22. Qf3 Rxc1 23. Rxc1 Rc8 24. Rf1 Nf8 25. Ng4 Rc7 26. Bd2 Qd3 27. Qf4
Nc2 28. Bc3 Ng6 29. Qf2 a3 30. h4 axb2 31. Bxb2 Qe4 32. Nh6+ gxh6 33. Qf6 Ne3
34. Qd8+ Nf8 35. Rf3 Rc2 36. Rf2 Rxf2 37. Kxf2 Nd1+ 0-1

[Event "Aeroflot Open 2015"]
[Site "Moscú RUS"]
[Date "2015.03.30"]
[Round "4.1"]
[White "Sasikiran, Krishnan"]
[Black "Kovalenko, Igor"]
[Result "1/2-1/2"]
[WhiteElo "2682"]
[BlackElo "2661"]
[PlyCount "51"]
[EventDate "2015.03.27"]
[EventType "swiss"]
[EventRounds "9"]
[EventCountry "RUS"]
[Source "lmi"]
[SourceDate "2015.03.27"]

1. d4 d5 2. c4 c6 3. cxd5 cxd5 4. Bf4 Nc6 5. e3 Nf6 6. Nc3 Bf5 7. Qb3 Na5 8.
Qa4+ Bd7 9. Qc2 e6 10. Nf3 Rc8 11. Bd3 Bb4 12. O-O h6 13. Ne5 O-O 14. h3 a6 15.
a4 Be8 16. Rfc1 Nd7 17. Qd1 Nxe5 18. dxe5 Bxc3 19. Rxc3 Rxc3 20. bxc3 f5 21.
exf6 Qxf6 22. Qc2 Nc4 23. Bg3 Ne5 24. Be2 Bg6 25. Qd2 Nc4 26. Bxc4 1/2-1/2

[Event "Aeroflot Open 2015"]
[Site "Moscú RUS"]
[Date "2015.03.30"]
[Round "4.2"]
[White "Svetushkin, Dmitry"]
[Black "Zvjaginsev, Vadim"]
[Result "1/2-1/2"]
[WhiteElo "2592"]
[BlackElo "2658"]
[PlyCount "67"]
[EventDate "2015.03.27"]
[EventType "swiss"]
[EventRounds "9"]
[EventCountry "RUS"]
[Source "lmi"]
[SourceDate "2015.03.27"]

1. e4 e6 2. d4 d5 3. Nc3 Nf6 4. e5 Nfd7 5. f4 c5 6. Nf3 Nc6 7. Be3 a6 8. Qd2
Qc7 9. a3 cxd4 10. Nxd4 Nxd4 11. Bxd4 Bc5 12. g3 O-O 13. Bg2 Nb6 14. b3 Bxd4
15. Qxd4 Bd7 16. O-O Rfc8 17. Nd1 Qc5 18. Qxc5 Rxc5 19. Rf2 Rac8 20. Ra2 R5c7
21. Rd2 Be8 22. Ne3 Rc3 23. Kf2 Kf8 24. Ra1 Nd7 25. Re1 b5 26. Bf1 Nc5 27. Bg2
a5 28. Ke2 Nd7 29. Rd3 Rxc2+ 30. Nxc2 Rxc2+ 31. Rd2 Rc3 32. Rd3 Rc2+ 33. Rd2
Rc3 34. Rd3 1/2-1/2

[Event "Aeroflot Open 2015"]
[Site "Moscú RUS"]
[Date "2015.03.30"]
[Round "4.3"]
[White "Lu, Shanglei"]
[Black "Khairullin, Ildar"]
[Result "1/2-1/2"]
[WhiteElo "2570"]
[BlackElo "2630"]
[PlyCount "29"]
[EventDate "2015.03.27"]
[EventType "swiss"]
[EventRounds "9"]
[EventCountry "RUS"]
[Source "lmi"]
[SourceDate "2015.03.27"]

1. e4 e5 2. Nc3 Nf6 3. g3 d5 4. exd5 Nxd5 5. Bg2 Nxc3 6. bxc3 Bd6 7. Nf3 O-O 8.
O-O Nc6 9. d4 Bf5 10. Re1 Re8 11. Rb1 Rb8 12. dxe5 Nxe5 13. Nxe5 Rxe5 14. Rxe5
Bxe5 15. Qe2 1/2-1/2

[Event "Aeroflot Open 2015"]
[Site "Moscú RUS"]
[Date "2015.03.30"]
[Round "4.10"]
[White "Grachev, Boris"]
[Black "Shimanov, Aleksandr"]
[Result "1/2-1/2"]
[WhiteElo "2673"]
[BlackElo "2594"]
[PlyCount "42"]
[EventDate "2015.03.27"]
[EventType "swiss"]
[EventRounds "9"]
[EventCountry "RUS"]
[Source "lmi"]
[SourceDate "2015.03.27"]

1. d4 Nf6 2. Nf3 g6 3. g3 Bg7 4. Bg2 O-O 5. O-O c5 6. c4 cxd4 7. Nxd4 d5 8.
cxd5 Nxd5 9. Nb5 Be6 10. Nd4 Bc8 11. Nb5 Be6 12. Bxd5 Bxd5 13. N1c3 Bxc3 14.
Nxc3 Be6 15. Bh6 Re8 16. Qxd8 Rxd8 17. Nb5 Rd7 18. Rfd1 Nc6 19. Rxd7 Bxd7 20.
Rd1 Rd8 21. Be3 Be6 1/2-1/2

[Event "Aeroflot Open 2015"]
[Site "Moscú RUS"]
[Date "2015.03.30"]
[Round "4.13"]
[White "Kovalevskaya, Ekaterina"]
[Black "Kobalia, Mikhail"]
[Result "0-1"]
[WhiteElo "2438"]
[BlackElo "2632"]
[PlyCount "140"]
[EventDate "2015.03.27"]
[EventType "swiss"]
[EventRounds "9"]
[EventCountry "RUS"]
[Source "lmi"]
[SourceDate "2015.03.27"]

1. e4 c5 2. Nf3 e6 3. d4 cxd4 4. Nxd4 Nc6 5. Nc3 a6 6. Bf4 d6 7. Nxc6 bxc6 8.
Qd2 Be7 9. Be2 d5 10. O-O-O Nf6 11. Bf3 O-O 12. Kb1 a5 13. g4 Bb7 14. h4 a4 15.
a3 Nd7 16. h5 Nb6 17. Be2 Ba6 18. h6 g5 19. Qd4 f6 20. exd5 e5 21. Bxe5 Bxe2
22. Nxe2 fxe5 23. Qxe5 Bf6 24. Qe6+ Kh8 25. dxc6 Qc7 26. Ng3 Rae8 27. Qd6 Qxd6
28. Rxd6 Be5 29. Rd3 Rc8 30. Ne4 Rxc6 31. Nxg5 Kg8 32. Nf3 Bf4 33. Nd4 Rg6 34.
f3 Nc4 35. Nf5 Rb6 36. b4 axb3 37. cxb3 Nxa3+ 38. Kb2 Nc4+ 39. Kc2 Ne5 40. Rc3
Ra6 41. b4 Ra2+ 42. Kb3 Rf2 43. Ra1 Nxf3 44. Ra7 Nd2+ 45. Ka4 Ne4 46. Rd3 Rb8
47. Ne7+ Kh8 48. Nc6 Rc8 49. Re7 Bxh6 50. Rxe4 Rxc6 51. b5 Rg6 52. Rb3 Ra2+ 53.
Kb4 Rc2 54. Rd3 Bf8+ 55. Kb3 Rf2 56. Rc4 Rg5 57. Ka4 Ra2+ 58. Kb3 Ra3+ 59. Kc2
Rxd3 60. Kxd3 Rxb5 61. Ke4 Kg7 62. Rc7+ Kg6 63. Rd7 Bg7 64. Rd5 Rb4+ 65. Kf3
Bf6 66. Ra5 h6 67. Rc5 Rb3+ 68. Kg2 Bh4 69. Rc4 Kg5 70. Ra4 Bg3 0-1